ბათუმის შოთა რუსთაველის სახელმწიფო უნივერსიტეტის ბიბლიოთეკა

ნობელიანტი ეკონომისტები / (ბიბ.ჩანაწერი № 40573)

000 -ლიდერი
ფიქსირებული სიგრძის საკონტროლო ველი 01515nam a2200265Ia 4500
001 - საკონტროლო ნომერი
საკონტროლო ველი 7198
003 - საკონტროლო ნომრის იდენტიფიკატორი
საკონტროლო ველი GE_BSU
005 - ბოლო ოპერაციის თარიღი და დრო
საკონტროლო ველი 20231019172601.0
008 - ფიქსირებული სიგრძის მონაცემთა ელემენტები - ზოგადი ინფორმაცია
ფიქსირებული სიგრძის საკონტროლო ველი 181216s2004||||ge |||||||||||||| ||geo||
020 ## - წიგნის საერთაშორისო სტანდარტული ნომერი
International Standard Book Number 9994022210
040 ## - კატალოგიზაციის წყარო
Transcribing agency GE_BSU
041 ## - ენის კოდი
Language code of text/sound track or separate title geo
080 ## - უნივერსალური ათობითი კლასიფიკაციის ინდექსი
Universal Decimal Classification number 330.1(092)+06.068 ნობელი ნ-77
245 ## - ცნობა სათაურის შესახებ
Title ნობელიანტი ეკონომისტები /
Statement of responsibility, etc [ავტ.-შემდგ. : ამბროსი გრიშიკაშვილი, თენგიზ კუდავა, ნინო ოდილავაძე ; რედ. ამბროსი გრიშიკაშვილი ; პროექტის ავტ. კახმეგ კუდავა].
264 ## - წარმოების, გამოცემის, დისტრიბუციის და სხვა ცნობები
გამოცემის, წარმოების, დისტრიბუციის... ადგილი თბილისი :
გამოცემის, წარმოების, დისტრიბუციის... სახელწოდება ინტელექტი,
გამოცემის, წარმოების, დისტრიბუციის... თარიღი 2005.
300 ## - ფიზიკური აღწერა
Extent 287გვ. ;
Dimensions 20 სმ.
490 ## - სერიის ცნობა
Series statement ნობელის პრემიის ლაუტეატები
653 ## - INDEX TERM--UNCONTROLLED
Uncontrolled term ნობელიანტი ეკონომისტები
700 ## - ADDED ENTRY--PERSONAL NAME
Personal name გრიშიკაშვილი, ამბროსი
Relator term ავტორ-შემდგენელი
9 (RLIN) 774
700 ## - ADDED ENTRY--PERSONAL NAME
Personal name კუდავა, თენგიზ
Relator term ავტორ-შემდგენელი
9 (RLIN) 20151
700 ## - ADDED ENTRY--PERSONAL NAME
Personal name ოდილავაძე, ნინო
Relator term ავტორ-შემდგენელი
9 (RLIN) 20152
700 ## - ADDED ENTRY--PERSONAL NAME
Personal name გრიშიკაშვილი, ამბროსი
Relator term რედაქტორი
9 (RLIN) 774
942 ## - ADDED ENTRY ELEMENTS (KOHA)
Koha item type წიგნი
Source of classification or shelving scheme
ეგზემპლარები
ჩამოწერის სტატუსი დაკარგული ეგზემპლარის სტატუსი კლასიფიკაციის წყარო ან თაროზე გაწყობის სქემა დაზიანების სტატუსი არ გაიცემა მუდმივი მდებარეობა (დაცვის ადგილი) ამჟამინდელი ადგილსამყოფელი თაროზე განთავსების ადგილი შეძენის თარიღი ღირებულება, შესყიდვის ნორმალური ფასი სრული შენახვის შიფრი შტრიხკოდი ბოლო ოპერაციის თარიღი ეგზემპლარის მიმდევრობითი ნომერი (კეტერი?) ფასის ძალაში შესვლის თარიღი ეგზემპლარის სახეობა საჯარო შენიშვნა
          ბათუმის შოთა რუსთაველის სახელმწიფო უნივერსიტეტის მთავარი ბიბლიოთეკა ბათუმის შოთა რუსთაველის სახელმწიფო უნივერსიტეტის მთავარი ბიბლიოთეკა წიგნსაცავი 2018-12-17 12.00 330.1(092)+06.068 ნობელი ნ-77 22891 2018-12-17 22891 2018-12-17 წიგნი 12.00 ₾.
          ბათუმის შოთა რუსთაველის სახელმწიფო უნივერსიტეტის მთავარი ბიბლიოთეკა ბათუმის შოთა რუსთაველის სახელმწიფო უნივერსიტეტის მთავარი ბიბლიოთეკა წიგნსაცავი 2018-12-17 12.00 330.1(092)+06.068 ნობელი ნ-77 22892 2018-12-17 22892 2018-12-17 წიგნი 12.00 ₾.
          ბათუმის შოთა რუსთაველის სახელმწიფო უნივერსიტეტის მთავარი ბიბლიოთეკა ბათუმის შოთა რუსთაველის სახელმწიფო უნივერსიტეტის მთავარი ბიბლიოთეკა წიგნსაცავი 2018-12-17 12.00 330.1(092)+06.068 ნობელი ნ-77 22893 2018-12-17 22893 2018-12-17 წიგნი 12.00 ₾.
          ბათუმის შოთა რუსთაველის სახელმწიფო უნივერსიტეტის მთავარი ბიბლიოთეკა ბათუმის შოთა რუსთაველის სახელმწიფო უნივერსიტეტის მთავარი ბიბლიოთეკა წიგნსაცავი 2018-12-17 12.00 330.1(092)+06.068 ნობელი ნ-77 22894 2018-12-17 22894 2018-12-17 წიგნი 12.00 ₾.